MARC

LEADER 00000nam0a2200000 4500
001 672215
005 20240521123503.0
035 |a (RuTPU)RU\TPU\book\134765 
090 |a 672215 
100 |a 20240410d1934 km|y0rusy50 ca 
101 0 |a rus 
102 |a RU 
105 |a a z 001zy 
181 0 |a i   |b  e  
182 0 |a n 
183 0 |a nc  |2 RDAcarrier 
200 1 |a Расчет воздушного винта на прочность с учетом разгрузки центробежными силами  |f Центральный аэрогидродинамический институт ; Г. И. Кузьмин, Д. Ю. Панов 
210 |a Москва  |a Ленинград  |c Госмашметиздат  |d 1934 
215 |a 68 с.  |c ил. 
225 1 |a Труды Центрального аэро-гидродинамического института  |v Вып. 160 
283 |a volume 
606 |a Аэродинамические установки  |2 stltpush  |3 (RuTPU)RU\TPU\subj\29887  |9 53119 
610 1 |a винты 
610 1 |a расчет на прочность 
610 1 |a центробежные силы 
610 1 |a напряжения 
610 1 |a разгрузка 
610 1 |a vетод Ralli 
610 1 |a метод Ritz 
675 |a 533.6.07  |v 3 
700 |a Кузьмин  |b Г. И. 
701 |3 Панов  |9 Д. Ю. 
712 0 2 |a Центральный аэрогидродинамический институт (ЦАГИ)  |c (Москва)  |3 (RuTPU)RU\TPU\col\4446 
801 1 |a RU  |b 63413507  |c 20240410  |g PSBO 
801 2 |a RU  |b 63413507  |c 20240410  |g PSBO 
942 |c CR